Football par lettre - E - Statistiques

Statistiques générales
  • Ce quiz a été pris 639 fois
  • Le résultat moyen est 8 sur 11
Statistiques - réponses
Indices Solutions % Correct
Prénom du frère ainé des Hazard Eden
98%
Ce pays a les pyramides, le sphinx, le Nil et Mohamed Salah Egypte
98%
Equipe anglaise surnommée "Les Toffees" et jouant à Goodison Park Everton
91%
Autre club se situant à Barcelone Espanyol
80%
Préfixe donné au club de Francfort Eintracht
79%
Landon Donovan et Clint Dempsey sont les co-meilleurs buteurs de cette sélection Etats-Unis
77%
Sélectionneur de l'Espagne Enrique
76%
Footballeur né au Mozambique qui est encore aujourd'hui le meilleur buteur de l'histoire du Benfica Lisbonne Eusebio
76%
Seule sélection avec cette lettre jouant sous la confédération CONMEBOL Equateur
74%
Les Walya Ethiopie
33%
Sinisargid Estonie
18%
Aucun quiz correspondant
Distribution des résultats
% des personnes avec chaque résultat
Percentile par nombre de réponses
Votre historique - résultats
Vous n’avez pas pris ce quiz